|
|
|
|
| LEADER |
00000nab a2200000 a 4500 |
| 001 |
vtls000192717 |
| 003 |
SK-MaSNL |
| 005 |
20260304055120.0 |
| 008 |
111106c1984 xo 0 slo |
| 015 |
|
|
|a SNBRB19rr/mm-uuuuu
|
| 035 |
|
|
|a CL0202830
|
| 040 |
|
|
|a SNKBUCL
|b slo
|c SNKBUCL
|e AACR2
|
| 041 |
0 |
|
|a slo
|
| 044 |
|
|
|a xo
|c SK
|
| 080 |
|
|
|a 323(100-19)(469)
|2 1981
|
| 080 |
|
|
|a 329.15(100-19)(469)
|2 1981
|
| 100 |
1 |
|
|a Cunhal, Álvaro,
|d 1913-2005
|4 aut
|9 6386
|
| 245 |
1 |
0 |
|a Na čele boja za obranu demokratických vymožeností
|b Rozhovor so súdruhom Álvarom Cunhalom
|c Álvaro Cunhal, Jarmila Houfová
|
| 650 |
0 |
7 |
|a vnútorná politika
|2 snkbucl
|9 970
|
| 650 |
0 |
7 |
|a Portugalská komunistická strana
|2 snkbucl
|9 923641
|
| 651 |
|
7 |
|a Portugalsko
|2 snkbucl
|9 56313
|
| 655 |
|
7 |
|a články z novín a časopisov
|2 snkbucl
|9 267496
|
| 700 |
1 |
|
|a Houfová, Jarmila,
|d 1931-
|4 aut
|9 5978
|
| 773 |
0 |
|
|t Pravda
|g Roč. 65, č. 220 (17. 9. 1984), s. 1 a 4
|
| 850 |
|
|
|a Slovenská národná knižnica v Martine
|a MTA001
|
| 852 |
|
|
|a SNK
|b KIS3GCP
|
| 958 |
|
|
|a RK
|
| 992 |
|
|
|a RBX
|
| 999 |
|
|
|c 2722385
|d 2724315
|